LEADER 01618nam 2200385 a 450 001 9910696362203321 005 20080114133017.0 035 $a(CKB)5470000002377208 035 $a(OCoLC)190790680 035 $a(EXLCZ)995470000002377208 100 $a20080114d2007 ua 0 101 0 $aeng 135 $aurbn||||||||| 181 $ctxt$2rdacontent 182 $cc$2rdamedia 183 $acr$2rdacarrier 200 10$aEvaluative testing at the fountain cistern, Tallgrass Prairie National Preserve, Chase County, Kansas$b[electronic resource] /$fby Bruce A. Jones 210 1$aLincoln, Neb. :$cMidwest Archeological Center, National Park Service, U.S. Dept. of the Interior,$d2007. 215 $avi, 32 pages $cdigital, PDF file 225 1 $aMidwest Archeological Center technical report ;$vno. 95 300 $aTitle from title screen (viewed on Jan. 8, 2008). 320 $aIncludes bibliographical references (pages 31-32). 606 $aIndians of North America$zKansas$zTallgrass Prairie National Preserve$xAntiquities 606 $aExcavations (Archaeology)$zKansas$zTallgrass Prairie National Preserve 607 $aTallgrass Prairie National Preserve (Kan.)$xAntiquities 615 0$aIndians of North America$xAntiquities. 615 0$aExcavations (Archaeology) 700 $aJones$b Bruce A$01199112 712 02$aMidwest Archeological Center (U.S.) 801 0$bGPO 801 1$bGPO 906 $aBOOK 912 $a9910696362203321 996 $aEvaluative testing at the fountain cistern, Tallgrass Prairie National Preserve, Chase County, Kansas$93473134 997 $aUNINA